00507nam a2200121Ia 4500008004100000100002200041245008400063245007100147650001300218856006200231999001900293952007300312170221s9999 xx 000 0 und d aBismark Tenkorang aDefault in Lending Potential of Small and Medium Enterprises: The Case of Ghana cBismark Tenkorang, Frank Tenkorang, Nacasius Ujah, Fletcher Ziwoya xBusiness uhttp://www.globip.com/articles/african-vol10-article2.pdf c307526d307526 001040aCLbCLd2017-02-21l0r2017-02-21 00:00:00w2017-02-21yFOJ